000 00840nam a2200205Ii 4500
003 JO-AjNU
008 230605s9999||||xx |||||||||||||| ||und||
017 _a34700
040 _aJO-AjNU
_bara
_erda
_cJO-AjNU
041 _aara
050 1 4 _aLC904.M83 1995
100 3 _aالمجمع الملكي لبحوث الحضارة الإسلامية:مؤسسة آل البيت,
_eauthor
_940974
245 0 0 _aدراسات إسلامية معاصرة:الموجز في التربية العربية الإسلامية
264 3 1 _aعمان:المجمع الملكي لبحوث الحضارة الإسلامية،1995
300 _a280ص
336 _atext
_btxt
_2rdacontent
337 _aunmediated
_bn
_2rdamedia
338 _avolume
_bnc
_2rdacarrier
650 4 _aالتربية الإسلامية-الحضارة الإسلامية
_940975
999 _aA17431
_c20999
_d20999